Fünf Länder mit den meisten WM-Teilnahmen - Statistiken

Allgemein
  • Dieses Quiz wurde 261 mal gespielt
  • Das Durchschnittsergebnis liegt bei 24 aus 27
Antwortstatistiken
Verband Anzahl Land % Korrekt
UEFA 20 Deutschland
100%
UEFA 16 Frankreich
99%
UEFA 16 Spanien
99%
CONMEBOL 22 Brasilien
98%
UEFA 18 Italien
98%
CONMEBOL 18 Argentinien
97%
AFC 4 Australien
96%
OFC 2 Australien
96%
CONCACAF 17 Mexiko
96%
CONCACAF 11 Vereinigte Staaten
96%
OFC 2 Neuseeland
95%
AFC 7 Japan
94%
UEFA 16 England
93%
AFC 11 Südkorea
91%
CONMEBOL 14 Uruguay
91%
CONMEBOL 9 Chile
90%
CAF 6 Marokko
88%
CAF 6 Nigeria
83%
CONMEBOL 8 Paraguay
81%
CONCACAF 6 Costa Rica
80%
CAF 4 Algerien
77%
AFC 6 Iran
77%
AFC 6 Saudi-Arabien
76%
CAF 8 Kamerun
75%
CAF 6 Tunesien
73%
CONCACAF 3 Honduras
71%
CONCACAF 2 El Salvador
56%
Keine übereinstimmenden Quizze gefunden
Verteilung der Resultate
Anzahl Personen mit jedem Resultat
Perzentil nach korrekt beantworteten Fragen
Ihre Resultats-Entwicklung
Sie haben dieses Quiz noch nicht gespielt